Histoire de Rampa

Gardado en:
Detalles Bibliográficos
Autor Principal: Rampa, T. Lobsang
Formato: Libro
Idioma:Undetermined
Publicado: París, Francia Albin Michel 1963
Materias:
Etiquetas: Engadir etiqueta
Sen Etiquetas, Sexa o primeiro en etiquetar este rexistro!

MARC

LEADER 00000nam a2200000Ia 4500
008 170316s9999 xx 000 0 und d
040 |a cru BVZT 
090 |a 820 R-5h 
100 |a Rampa, T. Lobsang 
245 |a Histoire de Rampa 
260 |a París, Francia 
260 |b Albin Michel 
260 |c 1963 
300 |a 314 páginas 
650 |a LITERATURA INGLESA 
650 |a EN IDIOMA INGLÉS 
650 |a HISTORIA BIOGRÁFICA 
650 |a NARRACIÓN 
999 |c 7065  |d 7065 
942 |c 15 D  |h 820 R-5h  |2 z